La médecine au Moyen Age - Statistiques

Statistiques générales
  • Ce quiz a été pris 34 fois
  • Le résultat moyen est 2 sur 15
Statistiques - réponses
Hint Réponse % Correct
Principal médecin arabe, j'ai écrit le " Canon "somme encyclopédique de la médecine du temps, qui suis-je ? Avicenne
90%
qui est à l'origine de ce que nie Avicenne ? Galien
24%
Médecin et philosophe, je propose une théorie sur l'intelligence, qui suis-je ? Averroès
21%
À partir de quand début la période scolastique ? 12 ème siècle
10%
A qui est laissée la pratique ? chirurgiens barbiers
10%
qui est à l'origine d'un classement des substances en 3 royaume : minéral, animal et végétal ? Et écrit 250 traités médicaux ? Rhazès
7%
Les médecins discourent mais ne touchent pas aux malades, ils s'interdisent la pratique. Alors que sont-ils ? astrologues
3%
Qui commence à expérimenter sur les animaux ? Avenzoar
3%
Que se met-il en place lors de la période scolastique ? enseignement à l'université par les laïques
3%
À quel période du Moyen Age apparaissent les premiers hôpitaux en Occident ? période monastique
3%
Que prône t-il ? prévention
3%
Que va nier Avicenne ? " rete mirabilis "
3%
que sont-ils pour la plupart ? fondations d'Eglise pour l'exercice de la charité
0%
Qu'est-ce que la médecine pour lui ? l'art de conserver la santé
0%
Qu'est-ce que la Thérique, qui permet de soigner à l'époque monastique ? véritable panacée qui est une préparation de Galien
0%
Aucun quiz correspondant
Distribution des résultats
% des personnes avec chaque résultat
Percentile par nombre de réponses
Votre historique - résultats
Vous n’avez pas pris ce quiz